000 00516nam a2200181Ia 4500
999 _c3693
_d3693
003 GBCCL
005 20241126110501.0
008 171201b xxu||||| |||| 00| 0 eng d
020 _a1 85240 110 9
040 _cgbc
082 _a248.86
_bGIB
100 _aGibson, Phyl
_97315
245 _aExcuse me Your Rejection is showing /
_cNoel & Phyl Gibson
260 _bSovereign World,
_aEngland:
_c1997
300 _a256p.;
_bill.,
_c20 cm.
650 _aRejection
_vReligious Aspects
_xChristianity
_97316
942 _2ddc
_cBK